000 00777cab a2200241 4500
001 ABS54256
008 090401t1996 xxu||||| |||| 00| 0 eng d
035 _a(Sirsi) u9328
041 _aeng
100 _aBrewer, G.
245 _aGoing underground
260 _c1996
350 _a0
490 _aContract Journal
_v382(6058) 18 January 1996, 24-25(2)
520 _aDiscusses "Balfour Beatty Construction v Kelston Sparks Contractors" 1995 and the problem of unforeseen ground conditions.
650 _aBALFOUR BEATTY CONSTRUCTION V KELSTON SPARKES CONTRACTORS
650 _aCONTRACTUAL CLAIMS
650 _aGROUND CONDITIONS
650 _aUNFORESEEN GROUND CONDITIONS
690 _aBUILT ENVIRONMENT-BUILDING CONTRACT FORMS
942 _n0
948 _c04/03/1997
999 _c5809
_d5809